[Event "Tula Afromeev Memorial"]
[Site "Tula"]
[Date "2006.07.08"]
[Round "14"]
[White "Zlochevskij, Alexander"]
[Black "Zaitsev, Alexander"]
[Result "1-0"]
[WhiteElo "2469"]
[BlackElo "2431"]
[PlyCount "73"]
[EventDate "2006.06.30"]
[EventType "tourn"]
[EventRounds "15"]
[EventCountry "RUS"]
[EventCategory "7"]
[SourceTitle "EXT 2008"]
[Source "ChessBase"]
[SourceDate "2007.11.25"]
[SourceVersion "1"]
[SourceVersionDate "2007.11.25"]
[SourceQuality "1"]

1. e4 e5 2. Nf3 Nc6 3. Bb5 Bb4 4. 0-0 Nge7 5. c3 Ba5 6. Bxc6 Nxc6 7. b4 Bb6 8. b5 Na5 9. Nxe5 0-0 10. d4 d5 11. Ba3 Re8 12. Qh5 f6 13. f4 fxe5 14. fxe5 Be6 15. Nd2 dxe4 16. Nxe4 Bxd4+ 17. Kh1 Bd5 18. Nf6+ gxf6 19. cxd4 Qd7 20. exf6 Qf7 21. Rf5 Qxh5 22. Rxh5 Bf7 23. Rg5+ Bg6 24. Be7 Kf7 25. Rc1 Rac8 26. h4 Rg8 27. Re5 b6 28. g4 Bd3 29. g5 Rge8 30. Rc3 Bc4 31. Rg3 c6 32. h5 Rg8 33. Bb4 Rce8 34. Rge3 Rxe5 35. Rxe5 Be6 36. Bxa5 bxa5 37. bxc6 1-0

[Event "Tula Afromeev Memorial"]
[Site "Tula"]
[Date "2006.07.06"]
[Round "11"]
[White "Novikov, Maxim"]
[Black "Zlochevskij, Alexander"]
[Result "1/2-1/2"]
[WhiteElo "2533"]
[BlackElo "2469"]
[PlyCount "28"]
[EventDate "2006.06.30"]
[EventType "tourn"]
[EventRounds "15"]
[EventCountry "RUS"]
[EventCategory "7"]
[SourceTitle "EXT 2008"]
[Source "ChessBase"]
[SourceDate "2007.11.25"]
[SourceVersion "1"]
[SourceVersionDate "2007.11.25"]
[SourceQuality "1"]

1. e4 e5 2. Nf3 Nc6 3. Bb5 a6 4. Bxc6 dxc6 5. 0-0 f6 6. d4 exd4 7. Nxd4 c5 8. Nb3 Qxd1 9. Rxd1 Bg4 10. f3 Bd7 11. Be3 b6 12. Nc3 0-0-0 13. Rd2 Bd6 14. Rad1 Ne7 1/2-1/2

[Event "Tula Afromeev Memorial"]
[Site "Tula"]
[Date "2006.07.05"]
[Round "9"]
[White "Bagirov, Rufat"]
[Black "Zlochevskij, Alexander"]
[Result "1/2-1/2"]
[WhiteElo "2468"]
[BlackElo "2469"]
[PlyCount "31"]
[EventDate "2006.06.30"]
[EventType "tourn"]
[EventRounds "15"]
[EventCountry "RUS"]
[EventCategory "7"]
[SourceTitle "EXT 2008"]
[Source "ChessBase"]
[SourceDate "2007.11.25"]
[SourceVersion "1"]
[SourceVersionDate "2007.11.25"]
[SourceQuality "1"]

1. e4 e6 2. d4 d5 3. exd5 exd5 4. Bd3 Bd6 5. Nf3 Nf6 6. 0-0 0-0 7. Re1 Bg4 8. Bg5 Nbd7 9. Nbd2 c6 10. c3 Qc7 11. Qc2 Rfe8 12. Bh4 Bh5 13. Bg3 Bxg3 14. hxg3 Bg6 15. Nh4 Bxd3 16. Qxd3 1/2-1/2

[Event "Tula Afromeev Memorial"]
[Site "Tula"]
[Date "2006.07.02"]
[Round "4"]
[White "Pendurin, Evgeniy"]
[Black "Zlochevskij, Alexander"]
[Result "0-1"]
[WhiteElo "2114"]
[BlackElo "2469"]
[PlyCount "70"]
[EventDate "2006.06.30"]
[EventType "tourn"]
[EventRounds "15"]
[EventCountry "RUS"]
[EventCategory "7"]
[SourceTitle "EXT 2008"]
[Source "ChessBase"]
[SourceDate "2007.11.25"]
[SourceVersion "1"]
[SourceVersionDate "2007.11.25"]
[SourceQuality "1"]

1. e4 c5 2. d4 cxd4 3. Nf3 d6 4. Qxd4 Nc6 5. Bb5 Bd7 6. Bxc6 Bxc6 7. Nc3 Nf6 8. Bg5 e6 9. 0-0-0 Be7 10. Rhe1 0-0 11. Qd3 Qa5 12. Kb1 Rac8 13. Bd2 Qh5 14. Bg5 h6 15. Bh4 Rfd8 16. Bg3 d5 17. exd5 Nxd5 18. Nxd5 Bxd5 19. Qe2 b5 20. Be5 Qg6 21. Nd4 Bb4 22. Rg1 f6 23. Bg3 e5 24. Nxb5 a6 25. Na3 Bxa3 26. bxa3 Rd7 27. Rd2 Bxa2+ 28. Kxa2 Rxd2 29. Qxd2 Rxc2+ 30. Qxc2 Qxc2+ 31. Ka1 Qc3+ 32. Ka2 f5 33. h3 f4 34. Bh2 Qc2+ 35. Ka1 Qxf2 0-1

[Event "Moscow"]
[Site "Moscow"]
[Date "2002.??.??"]
[Round "2"]
[White "Anufriev, Vladimir"]
[Black "Zlochevskij, Alexander"]
[Result "1/2-1/2"]
[WhiteElo "2308"]
[BlackElo "2445"]
[PlyCount "42"]
[EventDate "2002.11.??"]
[EventType "tourn"]
[EventRounds "14"]
[EventCountry "RUS"]
[EventCategory "7"]
[SourceTitle "EXT 2004"]
[Source "ChessBase"]
[SourceDate "2003.11.25"]
[SourceVersion "1"]
[SourceVersionDate "2003.11.25"]
[SourceQuality "1"]

1. d4 d5 2. c4 c6 3. Nf3 Nf6 4. Nc3 a6 5. cxd5 cxd5 6. Bf4 Nc6 7. e3 Bg4 8. Be2 e6 9. 0-0 Bd6 10. Bxd6 Qxd6 11. Rc1 0-0 12. h3 Bh5 13. Na4 Ne4 14. Nc5 Nxc5 15. Rxc5 Rfc8 16. a3 Ne7 17. b4 b6 18. Rxc8+ Nxc8 19. Qc2 Bxf3 20. Bxf3 b5 21. Rc1 Nb6 1/2-1/2

[Event "Serpukhov op"]
[Site "Serpukhov"]
[Date "2002.??.??"]
[Round "4"]
[White "Inarkiev, Ernesto"]
[Black "Zlochevskij, Alexander"]
[Result "1-0"]
[WhiteElo "2566"]
[BlackElo "2464"]
[PlyCount "50"]
[EventDate "2002.??.??"]
[EventType "swiss"]
[EventRounds "15"]
[EventCountry "RUS"]
[SourceTitle "EXT 2007"]
[Source "ChessBase"]
[SourceDate "2006.11.23"]
[SourceVersion "1"]
[SourceVersionDate "2006.11.23"]
[SourceQuality "1"]

1. e4 c6 2. d4 d5 3. e5 c5 4. dxc5 e6 5. Nf3 Bxc5 6. Bd3 Nc6 7. 0-0 f6 8. exf6 Nxf6 9. c4 Nb4 10. Nc3 0-0 11. Bg5 Bd7 12. Be2 dxc4 13. Bxc4 Nc6 14. Qe2 Qe7 15. Rad1 Kh8 16. a3 a6 17. Rfe1 Rae8 18. Ne4 Ba7 19. Nd6 Rb8 20. Bxe6 Bxe6 21. Qxe6 Qxe6 22. Rxe6 Ng4 23. Rd2 h6 24. Bh4 Rxf3 25. gxf3 Nge5 1-0

[Event "Serpukhov op"]
[Site "Serpukhov"]
[Date "2002.??.??"]
[Round "8"]
[White "Kokarev, Dmitry"]
[Black "Zlochevskij, Alexander"]
[Result "1/2-1/2"]
[WhiteElo "2504"]
[BlackElo "2464"]
[PlyCount "33"]
[EventDate "2002.??.??"]
[EventType "swiss"]
[EventRounds "15"]
[EventCountry "RUS"]
[SourceTitle "EXT 2007"]
[Source "ChessBase"]
[SourceDate "2006.11.23"]
[SourceVersion "1"]
[SourceVersionDate "2006.11.23"]
[SourceQuality "1"]

1. e4 e6 2. d4 d5 3. Nd2 c5 4. exd5 exd5 5. Ngf3 Nf6 6. Bb5+ Bd7 7. Qe2+ Be7 8. dxc5 0-0 9. Nb3 a6 10. Bd3 Ba4 11. Be3 Nbd7 12. 0-0 Re8 13. Rfe1 Bxb3 14. c6 bxc6 15. axb3 a5 16. Qd1 Qc7 17. h3 1/2-1/2

[Event "Cherepovets"]
[Site "Cherepovets"]
[Date "2002.??.??"]
[Round "?"]
[White "Kuprijanov, Ilija"]
[Black "Zlochevskij, Alexander"]
[Result "1/2-1/2"]
[WhiteElo "2404"]
[BlackElo "2445"]
[PlyCount "32"]
[EventDate "2002.02.??"]
[EventType "tourn"]
[EventRounds "14"]
[EventCountry "RUS"]
[EventCategory "6"]
[SourceTitle "EXT 2003"]
[Source "ChessBase"]
[SourceDate "2002.11.25"]
[SourceVersion "1"]
[SourceVersionDate "2002.11.25"]
[SourceQuality "1"]

1. e4 c5 2. c4 Nc6 3. Nc3 g6 4. d3 Bg7 5. f4 e6 6. Nf3 Nge7 7. g3 0-0 8. Bg2 d6 9. 0-0 a6 10. Be3 Nd4 11. Qd2 Rb8 12. Rae1 b5 13. h3 f5 14. Kh2 Bd7 15. exf5 gxf5 16. Qf2 Nec6 1/2-1/2

[Event "Cherepovets"]
[Site "Cherepovets"]
[Date "2002.??.??"]
[Round "?"]
[White "Savon, Vladimir A"]
[Black "Zlochevskij, Alexander"]
[Result "1/2-1/2"]
[WhiteElo "2421"]
[BlackElo "2445"]
[PlyCount "46"]
[EventDate "2002.02.??"]
[EventType "tourn"]
[EventRounds "14"]
[EventCountry "RUS"]
[EventCategory "6"]
[SourceTitle "EXT 2003"]
[Source "ChessBase"]
[SourceDate "2002.11.25"]
[SourceVersion "1"]
[SourceVersionDate "2002.11.25"]
[SourceQuality "1"]

1. e4 e6 2. d4 d5 3. exd5 exd5 4. Nf3 Nf6 5. Bd3 Bg4 6. 0-0 Be7 7. Re1 0-0 8. h3 Bh5 9. Nbd2 Nbd7 10. Nf1 Re8 11. Ng3 Bg6 12. c3 c6 13. Bf4 Nf8 14. Nf5 Bxf5 15. Bxf5 Ng6 16. Bh2 Bd6 17. Rxe8+ Nxe8 18. Qd2 Bxh2+ 19. Kxh2 Qd6+ 20. Kg1 Nf6 21. Bxg6 hxg6 22. Re1 Re8 23. Rxe8+ Nxe8 1/2-1/2

[Event "Moscow"]
[Site "Moscow"]
[Date "2002.??.??"]
[Round "6"]
[White "Vul, Arkadi Eremeevich"]
[Black "Zlochevskij, Alexander"]
[Result "1/2-1/2"]
[WhiteElo "2474"]
[BlackElo "2445"]
[PlyCount "40"]
[EventDate "2002.11.??"]
[EventType "tourn"]
[EventRounds "14"]
[EventCountry "RUS"]
[EventCategory "7"]
[SourceTitle "EXT 2004"]
[Source "ChessBase"]
[SourceDate "2003.11.25"]
[SourceVersion "1"]
[SourceVersionDate "2003.11.25"]
[SourceQuality "1"]

1. Nf3 Nf6 2. c4 e6 3. Nc3 c5 4. g3 d5 5. cxd5 Nxd5 6. Bg2 Nc6 7. 0-0 Be7 8. Nxd5 exd5 9. d4 0-0 10. b3 Bf6 11. Ba3 Nxd4 12. Bxc5 Nxf3+ 13. Bxf3 Bh3 14. Bxf8 Bxf1 15. Rc1 Bxe2 16. Qxe2 Kxf8 17. Qd3 Rc8 18. Rxc8 Qxc8 19. Qxh7 Qd7 20. Qd3 d4 1/2-1/2

[Event "Cherepovets"]
[Site "Cherepovets"]
[Date "2002.??.??"]
[Round "?"]
[White "Zhuravlev, Vladimir"]
[Black "Zlochevskij, Alexander"]
[Result "1/2-1/2"]
[WhiteElo "2395"]
[BlackElo "2445"]
[PlyCount "59"]
[EventDate "2002.02.??"]
[EventType "tourn"]
[EventRounds "14"]
[EventCountry "RUS"]
[EventCategory "6"]
[SourceTitle "EXT 2003"]
[Source "ChessBase"]
[SourceDate "2002.11.25"]
[SourceVersion "1"]
[SourceVersionDate "2002.11.25"]
[SourceQuality "1"]

1. e4 c6 2. g3 d5 3. Bg2 dxe4 4. Bxe4 Nf6 5. Bg2 Bg4 6. Nf3 Nbd7 7. h3 Bh5 8. d4 e6 9. 0-0 Be7 10. Nc3 0-0 11. Ne2 Bg6 12. b3 a5 13. a4 Nd5 14. Nf4 Nxf4 15. Bxf4 Nf6 16. Ne5 Nd5 17. Nxg6 hxg6 18. Qf3 Bg5 19. Be3 Bf6 20. Rad1 Qb6 21. c4 Nxe3 22. Qxe3 Rfe8 23. Rd3 Rad8 24. Rfd1 Kf8 25. d5 Qxe3 26. Rxe3 exd5 27. Rxe8+ Kxe8 28. cxd5 cxd5 29. Rxd5 Rxd5 30. Bxd5 1/2-1/2

[Event "Moscow"]
[Site "Moscow"]
[Date "2002.??.??"]
[Round "9"]
[White "Zlochevskij, Alexander"]
[Black "Anufriev, Vladimir"]
[Result "1-0"]
[WhiteElo "2445"]
[BlackElo "2308"]
[PlyCount "49"]
[EventDate "2002.11.??"]
[EventType "tourn"]
[EventRounds "14"]
[EventCountry "RUS"]
[EventCategory "7"]
[SourceTitle "EXT 2004"]
[Source "ChessBase"]
[SourceDate "2003.11.25"]
[SourceVersion "1"]
[SourceVersionDate "2003.11.25"]
[SourceQuality "1"]

1. d4 Nf6 2. c4 e6 3. Nf3 d5 4. g3 Be7 5. Bg2 0-0 6. Nbd2 c6 7. 0-0 b6 8. Ne5 Nfd7 9. Nd3 Bb7 10. e4 dxc4 11. Nxc4 b5 12. Nce5 Nxe5 13. Nxe5 c5 14. d5 exd5 15. exd5 Bd6 16. Re1 Qc7 17. Ng4 Nd7 18. b3 Rfe8 19. Bb2 Rxe1+ 20. Qxe1 c4 21. bxc4 bxc4 22. Rc1 Bf8 23. Qc3 Nb6 24. d6 Qd7 25. Nf6+ 1-0

[Event "Moscow"]
[Site "Moscow"]
[Date "2002.??.??"]
[Round "1"]
[White "Zlochevskij, Alexander"]
[Black "Markosian, David S"]
[Result "1/2-1/2"]
[WhiteElo "2445"]
[BlackElo "2399"]
[PlyCount "36"]
[EventDate "2002.11.??"]
[EventType "tourn"]
[EventRounds "14"]
[EventCountry "RUS"]
[EventCategory "7"]
[SourceTitle "EXT 2004"]
[Source "ChessBase"]
[SourceDate "2003.11.25"]
[SourceVersion "1"]
[SourceVersionDate "2003.11.25"]
[SourceQuality "1"]

1. d4 d5 2. c4 c6 3. Nf3 Nf6 4. Nc3 a6 5. e3 b5 6. b3 Bg4 7. Be2 e6 8. Ne5 Bxe2 9. Nxe2 Bb4+ 10. Bd2 Qa5 11. a3 Bxd2+ 12. Qxd2 Qxd2+ 13. Kxd2 Nfd7 14. f4 f6 15. Nd3 bxc4 16. bxc4 dxc4 17. Nb2 c5 18. Nxc4 Nc6 1/2-1/2

[Event "Moscow"]
[Site "Moscow"]
[Date "2002.??.??"]
[Round "11"]
[White "Zlochevskij, Alexander"]
[Black "Naumkin, Igor"]
[Result "1/2-1/2"]
[WhiteElo "2445"]
[BlackElo "2436"]
[PlyCount "74"]
[EventDate "2002.11.??"]
[EventType "tourn"]
[EventRounds "14"]
[EventCountry "RUS"]
[EventCategory "7"]
[SourceTitle "EXT 2004"]
[Source "ChessBase"]
[SourceDate "2003.11.25"]
[SourceVersion "1"]
[SourceVersionDate "2003.11.25"]
[SourceQuality "1"]

1. e4 e6 2. d4 d5 3. Nc3 Bb4 4. Nge2 dxe4 5. a3 Bxc3+ 6. Nxc3 Nc6 7. Bb5 Nge7 8. Bg5 f6 9. Be3 0-0 10. Qd2 e5 11. d5 Nd4 12. Bxd4 exd4 13. Qxd4 Nf5 14. Qxe4 Nd6 15. Qb4 Nxb5 16. Qxb5 Re8+ 17. Kd2 c6 18. Qc5 Be6 19. d6 b6 20. Qd4 c5 21. Qf4 Rb8 22. Rad1 b5 23. b4 Qb6 24. Rhe1 a5 25. Re3 Rbd8 26. Ke1 cxb4 27. axb4 Bc4 28. d7 Rxe3+ 29. Qxe3 Qxe3+ 30. fxe3 axb4 31. Nd5 Kf7 32. Nxb4 Be6 33. Nc6 Rxd7 34. Nd8+ Ke7 35. Nc6+ Kf7 36. Nd8+ Ke7 37. Nc6+ Kf7 1/2-1/2

[Event "Cherepovets"]
[Site "Cherepovets"]
[Date "2002.??.??"]
[Round "?"]
[White "Zlochevskij, Alexander"]
[Black "Popov, Valerij"]
[Result "1/2-1/2"]
[WhiteElo "2445"]
[BlackElo "2579"]
[PlyCount "36"]
[EventDate "2002.02.??"]
[EventType "tourn"]
[EventRounds "14"]
[EventCountry "RUS"]
[EventCategory "6"]
[SourceTitle "EXT 2003"]
[Source "ChessBase"]
[SourceDate "2002.11.25"]
[SourceVersion "1"]
[SourceVersionDate "2002.11.25"]
[SourceQuality "1"]

1. d4 d5 2. c4 c6 3. cxd5 cxd5 4. Nc3 Nf6 5. Nf3 Nc6 6. Bf4 Bf5 7. e3 e6 8. Bd3 Bxd3 9. Qxd3 Bd6 10. Bxd6 Qxd6 11. 0-0 0-0 12. Rfc1 Rfc8 13. a3 a6 14. Rc2 Rc7 15. Rac1 Rac8 16. h3 h6 17. Ne2 Na5 18. Rxc7 Rxc7 1/2-1/2

[Event "Moscow"]
[Site "Moscow"]
[Date "2002.??.??"]
[Round "5"]
[White "Zlochevskij, Alexander"]
[Black "Prosviriakov, Vladimir"]
[Result "1/2-1/2"]
[WhiteElo "2445"]
[BlackElo "2347"]
[PlyCount "32"]
[EventDate "2002.11.??"]
[EventType "tourn"]
[EventRounds "14"]
[EventCountry "RUS"]
[EventCategory "7"]
[SourceTitle "EXT 2004"]
[Source "ChessBase"]
[SourceDate "2003.11.25"]
[SourceVersion "1"]
[SourceVersionDate "2003.11.25"]
[SourceQuality "1"]

1. d4 e6 2. Nf3 f5 3. c4 Nf6 4. g3 Bb4+ 5. Bd2 Be7 6. Bg2 0-0 7. 0-0 c6 8. Nc3 d5 9. b3 Ne4 10. Ne5 Nd7 11. Nxd7 Bxd7 12. Nxe4 fxe4 13. Bf4 Qe8 14. f3 exf3 15. Bxf3 Qg6 16. Qd3 Be8 1/2-1/2

[Event "Cherepovets"]
[Site "Cherepovets"]
[Date "2002.??.??"]
[Round "?"]
[White "Zlochevskij, Alexander"]
[Black "Savon, Vladimir A"]
[Result "1/2-1/2"]
[WhiteElo "2445"]
[BlackElo "2421"]
[PlyCount "37"]
[EventDate "2002.02.??"]
[EventType "tourn"]
[EventRounds "14"]
[EventCountry "RUS"]
[EventCategory "6"]
[SourceTitle "EXT 2003"]
[Source "ChessBase"]
[SourceDate "2002.11.25"]
[SourceVersion "1"]
[SourceVersionDate "2002.11.25"]
[SourceQuality "1"]

1. d4 d5 2. c4 e6 3. Nf3 Nf6 4. g3 Be7 5. Bg2 0-0 6. 0-0 dxc4 7. Qc2 a6 8. Qxc4 b5 9. Qc2 Bb7 10. Rd1 Nbd7 11. Nc3 Qc8 12. Bf4 c5 13. dxc5 Nxc5 14. a3 Nd5 15. Nxd5 Bxd5 16. Nd4 Bxg2 17. Kxg2 Qb7+ 18. Kg1 Rac8 19. Rac1 1/2-1/2

[Event "EU-ch 2nd"]
[Site "Ohrid"]
[Date "2001.06.05"]
[Round "5"]
[White "Zlochevskij, Alexander"]
[Black "Yegiazarian, Arsen"]
[Result "0-1"]
[WhiteElo "2469"]
[BlackElo "2529"]
[PlyCount "70"]
[EventDate "2001.06.01"]
[EventType "swiss"]
[EventRounds "13"]
[EventCountry "YUG"]
[SourceTitle "CBM 084"]
[Source "ChessBase"]
[SourceDate "2001.09.13"]
[SourceVersion "1"]
[SourceVersionDate "2001.09.13"]
[SourceQuality "1"]

1. d4 Nf6 2. c4 g6 3. Nc3 d5 4. cxd5 Nxd5 5. e4 Nxc3 6. bxc3 Bg7 7. Nf3 c5 8. Be3 Nc6 9. Rc1 cxd4 10. cxd4 Qa5+ 11. Qd2 Qxd2+ 12. Kxd2 0-0 13. d5 Rd8 14. Ke1 Nb4 15. Bd2 Na6 16. Bxa6 bxa6 17. Bb4 Rb8 18. a3 f5 19. Bxe7 Re8 20. d6 fxe4 21. Nd2 Bf5 22. h3 Bh6 23. g4 Be6 24. Rc7 Bd5 25. Rg1 e3 26. fxe3 Bxe3 27. Rg3 Bf4 28. Kf2 Bxd2 29. Rd3 Ba5 30. Rc5 Be4 31. Re3 Bb6 32. d7 Rxe7 33. Rc8+ Kg7 34. Rxb8 Bxe3+ 35. Kxe3 Bc6+ 0-1

[Event "EU-ch 2nd"]
[Site "Ohrid"]
[Date "2001.06.02"]
[Round "2"]
[White "Zlochevskij, Alexander"]
[Black "Kruppa, Yuri"]
[Result "1/2-1/2"]
[WhiteElo "2469"]
[BlackElo "2572"]
[PlyCount "61"]
[EventDate "2001.06.01"]
[EventType "swiss"]
[EventRounds "13"]
[EventCountry "YUG"]
[SourceTitle "CBM 084"]
[Source "ChessBase"]
[SourceDate "2001.09.13"]
[SourceVersion "1"]
[SourceVersionDate "2001.09.13"]
[SourceQuality "1"]

1. d4 e6 2. c4 Nf6 3. Nf3 d5 4. Nc3 Be7 5. Bf4 0-0 6. e3 c5 7. dxc5 Bxc5 8. a3 Nc6 9. Rc1 d4 10. exd4 Nxd4 11. b4 Nxf3+ 12. Qxf3 Bd4 13. Be2 e5 14. Bg5 h6 15. Bxf6 Qxf6 16. Qxf6 gxf6 17. Nb5 Rd8 18. c5 a5 19. Nxd4 exd4 20. Bd3 axb4 21. axb4 Ra2 22. 0-0 Be6 23. f3 f5 24. Rf2 Rda8 25. b5 Ra1 26. Rxa1 Rxa1+ 27. Rf1 Ra3 28. Rd1 Rc3 29. Be2 Rxc5 30. Rxd4 Kf8 31. Kf2 1/2-1/2

[Event "Padova op"]
[Site "Padova"]
[Date "2000.12.10"]
[Round "9"]
[White "Paragua, Mark"]
[Black "Zlochevskij, Alexander"]
[Result "1-0"]
[WhiteElo "2423"]
[BlackElo "2450"]
[PlyCount "93"]
[EventDate "2000.12.02"]
[EventType "swiss"]
[EventRounds "9"]
[EventCountry "ITA"]
[SourceTitle "CBM 079 Extra"]
[Source "ChessBase"]
[SourceDate "2001.01.11"]
[SourceVersion "2"]
[SourceVersionDate "2001.01.25"]
[SourceQuality "1"]

1. Nf3 g6 2. e4 Bg7 3. d4 d6 4. Nc3 Nf6 5. h3 0-0 6. Be3 c6 7. a4 Qa5 8. Bd3 e5 9. dxe5 dxe5 10. 0-0 Nbd7 11. Qd2 Re8 12. Rfd1 Nc5 13. Bc4 Qb4 14. Ba2 Be6 15. Nd5 Qxd2 16. Nxf6+ Bxf6 17. Nxd2 Bxa2 18. Rxa2 Be7 19. Raa1 Red8 20. Kf1 Kf8 21. Ke2 Ke8 22. c3 f6 23. g3 Rd7 24. b4 Ne6 25. Nc4 Rxd1 26. Rxd1 b6 27. a5 b5 28. Nd6+ Kf8 29. Bh6+ Kg8 30. Nb7 Kf7 31. f4 exf4 32. gxf4 f5 33. Nd6+ Bxd6 34. Rxd6 Rd8 35. Rxc6 fxe4 36. a6 Rd3 37. h4 Rd7 38. Ke3 Rc7 39. Rxc7+ Nxc7 40. Kxe4 Ke6 41. Bg7 Nxa6 42. Be5 Kd7 43. Kd5 Nc7+ 44. Bxc7 Kxc7 45. Ke6 Kc6 46. h5 a6 47. hxg6 1-0

[Event "Imperia op-A 42nd"]
[Site "Imperia"]
[Date "2000.09.09"]
[Round "7"]
[White "Zlochevskij, Alexander"]
[Black "Schmitt, Thomas"]
[Result "1-0"]
[WhiteElo "2450"]
[BlackElo "2220"]
[PlyCount "81"]
[EventDate "2000.09.03"]
[EventType "swiss"]
[EventRounds "9"]
[EventCountry "ITA"]
[SourceTitle "EXT 2001"]
[Source "ChessBase"]
[SourceDate "2000.11.22"]
[SourceVersion "1"]
[SourceVersionDate "2000.11.22"]
[SourceQuality "1"]

1. d4 Nf6 2. Bg5 c5 3. Bxf6 gxf6 4. d5 Qb6 5. Qc1 e6 6. c4 f5 7. Nc3 Bg7 8. e3 d6 9. Nge2 Nd7 10. Nf4 Nf6 11. dxe6 fxe6 12. Be2 0-0 13. 0-0 Ne4 14. Nd1 Bd7 15. f3 Nf6 16. Nc3 Rfe8 17. Qc2 Bc6 18. Rad1 Qc7 19. Bd3 a6 20. b3 Rad8 21. Kh1 Kh8 22. e4 Bh6 23. Nh3 fxe4 24. Nxe4 Nxe4 25. Bxe4 d5 26. Bd3 b5 27. Qf2 bxc4 28. bxc4 dxc4 29. Bxc4 Bb5 30. Bxb5 axb5 31. Qb2+ Kg8 32. Qxb5 c4 33. f4 c3 34. Rc1 Rc8 35. Qh5 Qg7 36. Rf3 Kf8 37. Rg3 Qf6 38. Ng5 Bxg5 39. fxg5 Qg7 40. g6 hxg6 41. Rxg6 1-0

[Event "Imperia op-A 42nd"]
[Site "Imperia"]
[Date "2000.09.07"]
[Round "5"]
[White "Zlochevskij, Alexander"]
[Black "De Santis, Alessio"]
[Result "1/2-1/2"]
[WhiteElo "2450"]
[BlackElo "2305"]
[PlyCount "49"]
[EventDate "2000.09.03"]
[EventType "swiss"]
[EventRounds "9"]
[EventCountry "ITA"]
[SourceTitle "EXT 2001"]
[Source "ChessBase"]
[SourceDate "2000.11.22"]
[SourceVersion "1"]
[SourceVersionDate "2000.11.22"]
[SourceQuality "1"]

1. d4 f5 2. g3 Nf6 3. Bg2 g6 4. Nf3 Bg7 5. 0-0 0-0 6. b3 d6 7. Bb2 Qe8 8. d5 a5 9. c4 Na6 10. Nc3 Bd7 11. e3 Nc5 12. Nd4 g5 13. Ncb5 Qc8 14. Qc2 c6 15. Nc3 Nfe4 16. Nde2 Nxc3 17. Bxc3 Bxc3 18. Qxc3 Qe8 19. f4 h6 20. Qc2 e5 21. Rad1 Rf6 22. dxc6 bxc6 23. Qc3 Qe7 24. Nc1 gxf4 25. exf4 1/2-1/2

[Event "Imperia op-A 42nd"]
[Site "Imperia"]
[Date "2000.09.06"]
[Round "4"]
[White "Poloch, Petr"]
[Black "Zlochevskij, Alexander"]
[Result "1/2-1/2"]
[WhiteElo "2323"]
[BlackElo "2450"]
[PlyCount "44"]
[EventDate "2000.09.03"]
[EventType "swiss"]
[EventRounds "9"]
[EventCountry "ITA"]
[SourceTitle "EXT 2001"]
[Source "ChessBase"]
[SourceDate "2000.11.22"]
[SourceVersion "1"]
[SourceVersionDate "2000.11.22"]
[SourceQuality "1"]

1. e4 c6 2. d4 d5 3. exd5 cxd5 4. Bd3 Nc6 5. c3 Nf6 6. Bf4 Bg4 7. Qb3 Qc8 8. Nd2 e6 9. Ngf3 Be7 10. Ne5 Bh5 11. 0-0 0-0 12. g4 Nxe5 13. Bxe5 Bg6 14. Qc2 a6 15. Bxg6 hxg6 16. Qd3 Qc6 17. g5 Rfc8 18. Rfe1 Qb5 19. Qxb5 axb5 20. Rec1 Rc6 21. Kf1 Bd8 22. b4 Ne4 1/2-1/2

[Event "Imperia op-A 42nd"]
[Site "Imperia"]
[Date "2000.09.03"]
[Round "1"]
[White "Zlochevskij, Alexander"]
[Black "Van Hoolandt, Patrick"]
[Result "1-0"]
[WhiteElo "2450"]
[BlackElo "2169"]
[PlyCount "85"]
[EventDate "2000.09.03"]
[EventType "swiss"]
[EventRounds "9"]
[EventCountry "ITA"]
[SourceTitle "EXT 2001"]
[Source "ChessBase"]
[SourceDate "2000.11.22"]
[SourceVersion "1"]
[SourceVersionDate "2000.11.22"]
[SourceQuality "1"]

1. d4 Nf6 2. Bg5 e6 3. e4 h6 4. Bxf6 Qxf6 5. Nc3 Bb4 6. Qd2 Nc6 7. e5 Qe7 8. Nf3 b6 9. a3 Bxc3 10. Qxc3 Bb7 11. Bb5 0-0-0 12. 0-0 f6 13. Rfe1 fxe5 14. Nxe5 Nxe5 15. Rxe5 Rhf8 16. a4 a5 17. Qe3 Rf7 18. Re1 Qf6 19. Bd3 Rdf8 20. f3 Qf4 21. Qf2 Qg4 22. h3 Qf4 23. c3 g5 24. Bg6 Rg7 25. Be4 Bxe4 26. R5xe4 Qd6 27. Qe2 Kb7 28. Rd1 Qc6 29. Qb5 Rf5 30. Qxc6+ Kxc6 31. Rde1 Rgf7 32. Re5 Kd6 33. Kf2 Rf8 34. Kg3 R8f7 35. h4 Rg7 36. Rxf5 exf5 37. Re5 Rf7 38. hxg5 hxg5 39. f4 g4 40. Kh4 Rh7+ 41. Kg5 c5 42. dxc5+ bxc5 43. Kxf5 1-0

[Event "Porto San Giorgio op 12th"]
[Site "Porto San Giorgio"]
[Date "2000.08.27"]
[Round "8"]
[White "Zlochevskij, Alexander"]
[Black "Savchenko, Stanislav"]
[Result "0-1"]
[WhiteElo "2450"]
[BlackElo "2579"]
[PlyCount "58"]
[EventDate "2000.08.20"]
[EventType "swiss"]
[EventRounds "9"]
[EventCountry "ITA"]
[SourceTitle "EXT 2001"]
[Source "ChessBase"]
[SourceDate "2000.11.22"]
[SourceVersion "1"]
[SourceVersionDate "2000.11.22"]
[SourceQuality "1"]

1. c4 e5 2. Nc3 Nf6 3. Nf3 Nc6 4. g3 Bb4 5. Bg2 0-0 6. 0-0 e4 7. Ne1 Bxc3 8. dxc3 h6 9. Nc2 d6 10. b3 Re8 11. Ne3 Ne5 12. a4 a5 13. Qc2 Neg4 14. h3 Nxe3 15. Bxe3 Qe7 16. Rad1 b6 17. Kh2 Bb7 18. Rfe1 d5 19. cxd5 Nxd5 20. Qc1 Rad8 21. Rd4 c5 22. Rxe4 Qf6 23. Rf1 Rxe4 24. Bxe4 Nxe3 25. Qxe3 Re8 26. Bh7+ Kf8 27. Qd2 g6 28. Qxh6+ Qg7 29. Qh4 Be4 0-1